Statistieken voor Duurste Hoofdsteden

Klik hier om de quiz te nemen!

Algemene statistieken

  • Deze quiz is 699 keer genomen
  • De gemiddelde score is 14 van 24

Antwoordstatistieken

PrijsindexContinentStad% Correct
169EuropaAmsterdam
91%
166EuropaParijs
90%
208EuropaLonden
87%
175EuropaOslo
78%
148AziëTokio
78%
146EuropaStockholm
77%
205Noord-AmerikaWashington D.C.
77%
150EuropaHelsinki
70%
303AziëSingapore
69%
211EuropaBern
67%
189EuropaKopenhagen
66%
245EuropaMonaco
63%
159OceaniëCanberra
61%
193EuropaDublin
60%
152EuropaLuxemburg
57%
195EuropaReykjavík
50%
156OceaniëWellington
48%
210EuropaVaduz
43%
159AziëAbu Dhabi
39%
161AziëDoha
31%
184Noord-AmerikaNassau
21%
148AziëJeruzalem
20%
167AfrikaVictoria
16%
147AfrikaLuanda
12%

Scoreverdeling

Percentiel versus Aantal Correcte Antwoorden

Procent van Mensen met Elke Score

Uw Scoregeschiedenis

U heeft deze quiz nog niet genomen